|
|
|
|
| LEADER |
00000nab a2200000 a 4500 |
| 001 |
vtls009486810 |
| 003 |
SK-MaSNL |
| 005 |
20260303192613.0 |
| 008 |
171110c2008 xo wr 0 0slo |
| 038 |
|
|
|a SLLK
|
| 040 |
|
|
|a SLLK
|b slo
|c sllk
|e AACR2
|
| 041 |
|
|
|a slo
|
| 044 |
|
|
|a xo
|c SK
|
| 080 |
|
|
|a 796.325
|2 2001
|
| 100 |
1 |
|
|a Gurega, Pavol
|4 aut
|9 1092655
|
| 245 |
1 |
0 |
|a Hold priekopníkom
|c Pavol Gurega
|
| 611 |
2 |
7 |
|a Memoriál Jána Fedáka a Jána Lamparta
|n (5. :
|d 2008 :
|c Stará Ľubovňa, Slovensko)
|2 snkbucl
|9 1223191
|
| 648 |
|
7 |
|a 2008
|2 snkbucl
|9 317238
|
| 650 |
0 |
7 |
|a šport
|2 snkbucl
|9 1042
|
| 650 |
0 |
7 |
|a volejbal
|2 snkbucl
|9 3294
|
| 651 |
|
7 |
|a Stará Ľubovňa (Slovensko)
|2 snkbucl
|9 19193
|
| 773 |
0 |
|
|t Ľubovnianske noviny
|g Roč. XXXIV, č. 28 (2008), s. 8
|
| 999 |
|
|
|c 2147338
|d 2149268
|